[Event "London Central Minor"]
[Site "London"]
[Date "2022.11.05"]
[Round "3"]
[White "Bynnersley, Anthony"]
[Black "Rahman, Imran"]
[Result "0-1"]
[WhiteElo "1437"]
[BlackElo "1722"]
[PlyCount "102"]
[EventDate "2022.11.04"]
[EventType "swiss"]
[EventRounds "5"]
[EventCountry "ENG"]
[SourceTitle "EXT 2024"]
[Source "ChessBase"]
[SourceDate "2023.10.10"]
[SourceVersion "1"]
[SourceVersionDate "2023.10.10"]
[SourceQuality "1"]

1. e4 e5 2. Nf3 Nc6 3. Bb5 a6 4. Ba4 Nf6 5. d3 b5 6. Bb3 Be7 7. 0-0 d6 8. h3 0-0 9. c3 Na5 10. Bc2 c5 11. d4 cxd4 12. cxd4 Qc7 13. Nc3 Bb7 14. d5 Rac8 15. Bd3 Ne8 16. a3 Nc4 17. Qe2 Nb6 18. Be3 Nf6 19. Nd2 Nfd7 20. Rac1 Qd8 21. Qg4 f5 22. exf5 Nf6 23. Qe2 Nbxd5 24. Nxd5 Bxd5 25. f3 Bb7 26. Bg5 Nh5 27. Bxe7 Qxe7 28. Qf2 d5 29. Bb1 Nf4 30. Kh2 d4 31. Be4 Rxc1 32. Rxc1 Bxe4 33. fxe4 Nd3 34. Qf1 Nxc1 35. Qxc1 Qd6 36. Nf3 Rd8 37. Qc2 h6 38. Qb3+ Kh7 39. Qd3 Qc5 40. Nh4 Qd6 41. Nf3 Rc8 42. h4 Rc7 43. g4 Qc5 44. g5 Qc2+ 45. Qxc2 Rxc2+ 46. Kg3 d3 47. Nxe5 d2 48. f6 gxf6 49. gxf6 d1Q 50. Nf3 Rxb2 51. Kf4 Rf2 0-1

[Event "London Central op U1750"]
[Site "London"]
[Date "2022.04.24"]
[Round "4"]
[White "Bynnersley, Anthony"]
[Black "Cakova, Monika"]
[Result "1-0"]
[WhiteElo "1437"]
[BlackElo "1188"]
[PlyCount "67"]
[EventDate "2022.04.22"]
[EventType "swiss"]
[EventRounds "5"]
[EventCountry "ENG"]
[SourceTitle "EXT 2024"]
[Source "ChessBase"]
[SourceDate "2023.10.10"]
[SourceVersion "1"]
[SourceVersionDate "2023.10.10"]
[SourceQuality "1"]

1. d4 b6 2. c4 Bb7 3. Nf3 Nf6 4. Nc3 Nc6 5. Bf4 e6 6. e3 d5 7. cxd5 exd5 8. Be2 Be7 9. h3 0-0 10. 0-0 Rc8 11. Rc1 Ne4 12. Nd2 Nxd2 13. Qxd2 Re8 14. Bf3 Nb4 15. a3 Na6 16. Nb5 c6 17. Nxa7 Ra8 18. Nxc6 Qd7 19. Nxe7+ Rxe7 20. Rc3 h6 21. Rfc1 Qe6 22. Qc2 f6 23. Bg4 Qf7 24. Bc8 Re8 25. Bxb7 Qxb7 26. Qf5 Rad8 27. Qg6 Re7 28. Bxh6 Qd7 29. Bf4 Qb7 30. Qg3 Rdd7 31. Rc8+ Kf7 32. Bd6 Rxd6 33. Qxd6 b5 34. R1c6 1-0

[Event "Gibraltar Amateurs op-B"]
[Site "Caleta"]
[Date "2020.01.25"]
[Round "1"]
[White "Anjali, R Sagar"]
[Black "Bynnersley, Anthony"]
[Result "1-0"]
[WhiteElo "1775"]
[BlackElo "1443"]
[PlyCount "71"]
[EventDate "2020.01.20"]
[EventType "swiss"]
[EventRounds "5"]
[EventCountry "GGB"]
[SourceTitle "CBM 194 Extra"]
[Source "ChessBase"]
[SourceDate "2020.03.31"]
[SourceVersion "1"]
[SourceVersionDate "2020.03.31"]
[SourceQuality "1"]

1. e4 c5 2. Nf3 d6 3. d4 cxd4 4. Nxd4 Nf6 5. Nc3 a6 6. f3 e5 7. Nb3 Be6 8. Be3 Be7 9. Qd2 0-0 10. 0-0-0 Nbd7 11. g4 b5 12. g5 Nh5 13. Rg1 Nb6 14. Qf2 Nc4 15. Bxc4 bxc4 16. Nc5 Qc8 17. N5a4 Qc6 18. Nb6 Rab8 19. Nbd5 Bd8 20. Nf6+ Nxf6 21. gxf6 Bxf6 22. Bh6 Kh8 23. Qh4 Rg8 24. Bg5 Bxg5+ 25. Rxg5 Qb6 26. Kd2 Qd8 27. Rdg1 Qf6 28. Ne2 Rxb2 29. Rxg7 Qxg7 30. Rxg7 Kxg7 31. Qg5+ Kf8 32. Qd8+ Kg7 33. Qxd6 Rxa2 34. Qxe5+ Kh6 35. Nf4 c3+ 36. Ke3 1-0

[Event "London Classic op U1750 11th"]
[Site "London"]
[Date "2019.12.04"]
[Round "3"]
[White "Bynnersley, Anthony"]
[Black "Johnson, Roger"]
[Result "0-1"]
[WhiteElo "1466"]
[BlackElo "1351"]
[PlyCount "80"]
[EventDate "2019.12.02"]
[EventType "swiss"]
[EventRounds "5"]
[EventCountry "ENG"]
[SourceTitle "CBM 195 Extra"]
[Source "ChessBase"]
[SourceDate "2020.05.31"]
[SourceVersion "1"]
[SourceVersionDate "2020.05.31"]
[SourceQuality "1"]

1. d4 Nf6 2. c4 b6 3. Nf3 Bb7 4. Nc3 e6 5. Bg5 Be7 6. e3 d5 7. Bxf6 Bxf6 8. cxd5 exd5 9. Bd3 0-0 10. 0-0 Nd7 11. Rc1 c6 12. Bb1 Re8 13. Ne2 Rc8 14. Qd3 g6 15. Nf4 Nf8 16. g3 Rc7 17. Qd2 Bc8 18. Nd3 Bh3 19. Rfe1 Qc8 20. Nfe5 Nd7 21. f4 Nxe5 22. dxe5 Bg7 23. Nf2 Bg4 24. e4 Be6 25. exd5 Bxd5 26. Be4 Rd8 27. Qe3 Bf8 28. f5 Bxe4 29. Nxe4 Qxf5 30. Rf1 Qc8 31. b4 Bxb4 32. Qh6 f5 33. Nf6+ Kh8 34. Rxc6 Bf8 35. Qxh7+ Rxh7 36. Rxc8 Rxc8 37. Nxh7 Kxh7 38. Re1 Re8 39. Kf2 Bb4 40. Kf3 Bxe1 0-1

[Event "London Chess Classic op 10th"]
[Site "London"]
[Date "2018.12.10"]
[Round "2"]
[White "Waddingham, Paul"]
[Black "Bynnersley, Anthony"]
[Result "1-0"]
[WhiteElo "1684"]
[BlackElo "1506"]
[PlyCount "65"]
[EventDate "2018.12.09"]
[EventType "swiss"]
[EventRounds "5"]
[EventCountry "ENG"]
[SourceTitle "EXT 2021"]
[Source "ChessBase"]
[SourceDate "2020.10.23"]
[SourceVersion "1"]
[SourceVersionDate "2020.10.23"]
[SourceQuality "1"]

1. e4 c5 2. Nf3 d6 3. Bb5+ Bd7 4. Bxd7+ Nxd7 5. d3 e6 6. Nc3 a6 7. a4 Be7 8. Bf4 Qc7 9. 0-0 Ngf6 10. Re1 0-0 11. h3 Rfe8 12. Nd2 Nf8 13. Nc4 Ng6 14. Bg3 Nd7 15. a5 b5 16. axb6 Nxb6 17. Ne3 Qc6 18. f4 Bf6 19. Kh1 d5 20. e5 Be7 21. Qf3 Rec8 22. f5 Nxe5 23. Bxe5 d4 24. Qg4 f6 25. Bxd4 e5 26. Bxe5 fxe5 27. Nc4 Nd7 28. Nxe5 Nxe5 29. Rxe5 Bf6 30. Re6 Bd4 31. Rxc6 Rxc6 32. Qe4 Rcc8 33. Qe6+ 1-0

[Event "London Classic op U1750 9th"]
[Site "London"]
[Date "2017.12.08"]
[Round "5"]
[White "Bynnersley, Anthony"]
[Black "Jung, Yoonseo"]
[Result "1-0"]
[WhiteElo "1527"]
[BlackElo "1343"]
[PlyCount "137"]
[EventDate "2017.12.04"]
[EventType "swiss"]
[EventRounds "5"]
[EventCountry "ENG"]
[SourceTitle "CBM 182 Extra"]
[Source "ChessBase"]
[SourceDate "2018.02.23"]
[SourceVersion "1"]
[SourceVersionDate "2018.02.23"]
[SourceQuality "1"]

1. e4 c5 2. Nf3 e6 3. d4 cxd4 4. Nxd4 Nc6 5. Be3 Qc7 6. Nc3 a6 7. a4 Nf6 8. Be2 Bb4 9. f3 0-0 10. 0-0 d5 11. exd5 exd5 12. Qd2 Re8 13. Bf2 Bd7 14. Rfe1 Rac8 15. Nxc6 bxc6 16. Bxa6 Rxe1+ 17. Rxe1 Ra8 18. Bf1 c5 19. Bb5 d4 20. Bxd7 Qxd7 21. Qd3 dxc3 22. Qxd7 Nxd7 23. bxc3 Bxc3 24. Re7 Nf6 25. Bxc5 Rxa4 26. Rb7 h6 27. Rb8+ Kh7 28. Kf1 Ra2 29. Ke2 Nd5 30. Kd3 Rb2 31. Rd8 Be5 32. Rxd5 Bxh2 33. g4 Kg6 34. Bd4 Rb7 35. c4 f6 36. Rb5 Rd7 37. Rd5 Rc7 38. Bb6 Rc6 39. Bd4 Kf7 40. Rd7+ Kg6 41. c5 Rc7 42. Rd5 Kf7 43. Kc4 Ke6 44. Rd8 f5 45. gxf5+ Kxf5 46. Rd5+ Kf4 47. Be5+ Kxf3 48. Bxh2 Rc8 49. Bd6 g5 50. Rd3+ Ke4 51. Rb3 Re8 52. c6 Re6 53. Rd3 g4 54. c7 Re8 55. Bg3 Rc8 56. Rd8 Rxc7+ 57. Bxc7 h5 58. Rh8 Kf3 59. Rxh5 g3 60. Rg5 g2 61. Bh2 Kf2 62. Kd3 Kf1 63. Ke3 Ke1 64. Rxg2 Kd1 65. Kd3 Kc1 66. Bf4+ Kb1 67. Kc3 Ka1 68. Kb3 Kb1 69. Rg1# 1-0

[Event "London Classic op U1600 8th"]
[Site "London"]
[Date "2016.12.11"]
[Round "4"]
[White "Muhunthan, Charukgan"]
[Black "Bynnersley, Anthony"]
[Result "1/2-1/2"]
[WhiteElo "1262"]
[BlackElo "1498"]
[PlyCount "49"]
[EventDate "2016.12.09"]
[EventType "swiss"]
[EventRounds "5"]
[EventCountry "ENG"]
[SourceTitle "EXT 2019"]
[Source "ChessBase"]
[SourceDate "2018.10.10"]
[SourceVersion "1"]
[SourceVersionDate "2018.10.10"]
[SourceQuality "1"]

1. e4 e5 2. Nf3 Nc6 3. Bc4 Nf6 4. Nc3 Bc5 5. 0-0 0-0 6. d3 h6 7. Nd5 a6 8. a4 d6 9. c3 Be6 10. b4 Ba7 11. Qb3 Bxd5 12. Bxd5 Nxd5 13. Qxd5 Qc8 14. h3 Ne7 15. Qb3 Qd7 16. Re1 Ng6 17. a5 c6 18. Ra2 Rfe8 19. Rae2 Rac8 20. c4 Qe6 21. Be3 Bxe3 22. fxe3 Ne7 23. d4 Qg6 24. Qd3 Qg3 25. d5 1/2-1/2

[Event "London Classic op U1600 8th"]
[Site "London"]
[Date "2016.12.10"]
[Round "3"]
[White "Bynnersley, Anthony"]
[Black "Mospan, Edward"]
[Result "1-0"]
[WhiteElo "1498"]
[BlackElo "1281"]
[PlyCount "51"]
[EventDate "2016.12.09"]
[EventType "swiss"]
[EventRounds "5"]
[EventCountry "ENG"]
[SourceTitle "EXT 2019"]
[Source "ChessBase"]
[SourceDate "2018.10.10"]
[SourceVersion "1"]
[SourceVersionDate "2018.10.10"]
[SourceQuality "1"]

1. e4 e6 2. d4 d5 3. Nc3 Bb4 4. e5 c5 5. a3 Bxc3+ 6. bxc3 cxd4 7. cxd4 Ne7 8. Nf3 Nbc6 9. Bd3 Bd7 10. 0-0 Nf5 11. c3 0-0 12. Qe2 Rc8 13. Bd2 a6 14. Rfb1 b5 15. a4 b4 16. Bxa6 Rb8 17. Bb5 Na7 18. Rxb4 Nxb5 19. axb5 Bxb5 20. Rxb5 Ra8 21. Rab1 Qc7 22. g3 Ne7 23. Rb7 Qd8 24. Bg5 f6 25. exf6 gxf6 26. Qxe6+ 1-0

[Event "Jersey Holiday op"]
[Site "St Clement Bay"]
[Date "2015.03.19"]
[Round "6"]
[White "Bynnersley, Anthony"]
[Black "Gurner, Jem"]
[Result "1/2-1/2"]
[WhiteElo "1510"]
[BlackElo "1300"]
[PlyCount "53"]
[EventDate "2015.03.15"]
[EventType "swiss"]
[EventRounds "7"]
[EventCountry "GCI"]
[SourceTitle "EXT 2018"]
[Source "ChessBase"]
[SourceDate "2017.10.13"]
[SourceVersion "1"]
[SourceVersionDate "2017.10.13"]
[SourceQuality "1"]

1. d4 Nf6 2. c4 e6 3. Nf3 Bb4+ 4. Bd2 Bxd2+ 5. Nbxd2 0-0 6. e4 d6 7. Bd3 Nbd7 8. 0-0 e5 9. Re1 exd4 10. Nxd4 c5 11. N4f3 Ne5 12. Nxe5 dxe5 13. Qc2 b6 14. Nf3 Qc7 15. h3 Bb7 16. Qc3 Rfe8 17. a4 a5 18. Bc2 Rad8 19. Qe3 h6 20. Rad1 Nh5 21. Nh4 Nf4 22. Nf5 Rxd1 23. Rxd1 Bc8 24. Nd6 Rd8 25. Nxc8 Rxd1+ 26. Bxd1 Qxc8 27. Bg4 1/2-1/2

[Event "Jersey Holiday op"]
[Site "St Clement Bay"]
[Date "2015.03.18"]
[Round "5"]
[White "Bynnersley, Anthony"]
[Black "Riddle, Alan"]
[Result "0-1"]
[WhiteElo "1510"]
[BlackElo "1375"]
[PlyCount "70"]
[EventDate "2015.03.15"]
[EventType "swiss"]
[EventRounds "7"]
[EventCountry "GCI"]
[SourceTitle "EXT 2018"]
[Source "ChessBase"]
[SourceDate "2017.10.13"]
[SourceVersion "1"]
[SourceVersionDate "2017.10.13"]
[SourceQuality "1"]

1. d4 Nf6 2. c4 c5 3. d5 e6 4. Nc3 exd5 5. cxd5 d6 6. e4 g6 7. g3 Na6 8. Bg2 Nc7 9. a4 a6 10. Nge2 Bg7 11. 0-0 0-0 12. h3 Bd7 13. Bf4 Nfe8 14. Qd2 Be5 15. Bh6 Ng7 16. f4 Bf6 17. e5 dxe5 18. d6 Nce6 19. fxe5 Bxe5 20. Bxb7 Rb8 21. Bxa6 Qb6 22. Bb5 Bc8 23. d7 Bb7 24. Rad1 Rfd8 25. Kh2 Qc7 26. Bxg7 Kxg7 27. Nf4 Nd4 28. Qe3 Nf5 29. Qd3 Bd4 30. Rde1 Bc6 31. Nfe2 Rxd7 32. Nf4 Bg1+ 33. Rxg1 Rxd3 34. Nxd3 Nd4 35. Re5 Nf3+ 0-1

[Event "London Golders Green op U1900 5th"]
[Site "London"]
[Date "2015.01.18"]
[Round "4"]
[White "Bynnersley, Anthony"]
[Black "Rocco, Federico"]
[Result "0-1"]
[WhiteElo "1529"]
[BlackElo "1703"]
[PlyCount "96"]
[EventDate "2015.01.17"]
[EventType "swiss"]
[EventRounds "5"]
[EventCountry "ENG"]
[SourceTitle "EXT 2018"]
[Source "ChessBase"]
[SourceDate "2017.10.13"]
[SourceVersion "1"]
[SourceVersionDate "2017.10.13"]
[SourceQuality "1"]

1. d4 Nf6 2. c4 e6 3. Nf3 b6 4. Bg5 Bb7 5. e3 Bb4+ 6. Nc3 h6 7. Bh4 d6 8. Bd3 0-0 9. 0-0 Bxc3 10. bxc3 Nbd7 11. e4 Qe8 12. Re1 e5 13. Qc2 Nh5 14. Bg3 f6 15. Nh4 Nb8 16. Rab1 Nc6 17. d5 Nb8 18. Qe2 Na6 19. Bc2 Nc5 20. Qe3 Bc8 21. h3 g5 22. Nf5 Bxf5 23. exf5 Nxg3 24. Qxg3 Qc8 25. Qg4 Kh7 26. h4 Rg8 27. Re3 Qe8 28. h5 Qc8 29. Rbe1 Qa6 30. Rxe5 dxe5 31. Rxe5 Rae8 32. Re6 Qxa2 33. Qe2 Rxe6 34. fxe6+ Kg7 35. Qd1 Qxc4 36. Qe1 Qxd5 37. e7 Qe6 38. Qxe6 Nxe6 39. Bg6 Nf4 40. e8Q Rxe8 41. Bxe8 Ne2+ 42. Kf1 Nxc3 43. Ke1 b5 44. Kd2 b4 45. Kc2 a5 46. Kb3 c5 47. Bg6 a4+ 48. Kc4 a3 0-1

[Event "London op Congress August U1900"]
[Site "London"]
[Date "2013.08.25"]
[Round "4"]
[White "Bynnersley, Anthony"]
[Black "Winter, Malcolm J"]
[Result "0-1"]
[WhiteElo "1600"]
[BlackElo "1568"]
[PlyCount "100"]
[EventDate "2013.08.24"]
[EventType "swiss"]
[EventRounds "6"]
[EventCountry "ENG"]
[SourceTitle "EXT 2023"]
[Source "ChessBase"]
[SourceDate "2022.10.05"]
[SourceVersion "1"]
[SourceVersionDate "2022.10.05"]
[SourceQuality "1"]

1. d4 Nf6 2. c4 e6 3. Nc3 d5 4. Bg5 Nbd7 5. e3 Be7 6. Nf3 c6 7. Bd3 dxc4 8. Bxc4 Nd5 9. Bxe7 Qxe7 10. 0-0 0-0 11. Rc1 Nxc3 12. Rxc3 e5 13. dxe5 Nxe5 14. Nxe5 Qxe5 15. Qf3 Be6 16. Bxe6 Qxe6 17. Rb3 b6 18. Rc1 c5 19. Qb7 Rfd8 20. h3 h6 21. Ra3 Qd7 22. Qxd7 Rxd7 23. Rac3 Rad8 24. Kh2 Rd2 25. R1c2 f6 26. h4 h5 27. a3 Rxc2 28. Rxc2 Rd3 29. Kg3 Kf7 30. Kf4 Ke6 31. g3 g6 32. Ke4 Rd1 33. Kf4 Kd5 34. e4+ Kd4 35. e5 fxe5+ 36. Kg5 Kd3 37. Rc3+ Kd4 38. Kxg6 Rd2 39. Rf3 Rxb2 40. Kxh5 c4 41. Rf8 c3 42. g4 Rb5 43. Rd8+ Rd5 44. Rc8 Kd3 45. g5 Rc5 46. Rd8+ Ke2 47. g6 Rc7 48. Kh6 c2 49. g7 c1Q+ 50. Kh7 Qf4 0-1